| 000 | 01325cam a22003494a 4500 | ||
|---|---|---|---|
| 001 | 17262975 | ||
| 003 | ARRUPE | ||
| 005 | 20150315020004.0 | ||
| 008 | 120419s2012 ilu b 000 0beng | ||
| 010 | _a 2012013605 | ||
| 020 | _a9780829436686 | ||
| 020 | _a0829436685 | ||
| 040 |
_aDLC _cDLC _dDLC |
||
| 042 | _apcc | ||
| 043 | _ae-sp--- | ||
| 050 | 0 | 0 |
_aBX4700.L7 _bS55 2012 |
| 082 | 0 | 0 |
_a271/.5302 _aB _223 |
| 100 | 1 |
_aSilf, Margaret. _98810 |
|
| 245 | 1 | 0 |
_aJust call me Lopez : _bgetting to the heart of Ignatius Loyola / _cMargaret Silf. |
| 260 |
_aChicago, Ill. : _bLoyola Press, _cc2012. |
||
| 300 |
_axxiv, 253 p. ; _c19 cm. |
||
| 504 | _aIncludes bibliographical references. | ||
| 600 | 0 | 0 |
_aIgnatius, _cof Loyola, Saint, _d1491-1556. _98811 |
| 650 | 0 |
_aChristian saints _zSpain _vBiography. _98812 |
|
| 650 | 0 |
_aSpiritual life _xCatholic Church. _98813 |
|
| 650 | 0 |
_aSpirituality _xCatholic Church. _98814 |
|
| 856 | 4 | 2 |
_3Contributor biographical information _uhttp://www.loc.gov/catdir/enhancements/fy1210/2012013605-b.html |
| 856 | 4 | 2 |
_3Publisher description _uhttp://www.loc.gov/catdir/enhancements/fy1210/2012013605-d.html |
| 906 |
_a7 _bcbc _corignew _d1 _eecip _f20 _gy-gencatlg |
||
| 942 |
_2lcc _cMONOGRAPH _01 |
||
| 999 |
_c120115 _d120115 |
||